Welcome to CU Library Online Public Access Catalogue (OPAC)

Nursing research : (Record no. 7918)

MARC details
000 -LEADER
fixed length control field 00792aam a22002414a 4500
001 - CONTROL NUMBER
control field 12500498
005 - DATE AND TIME OF LATEST TRANSACTION
control field 20251030084613.0
008 - FIXED-LENGTH DATA ELEMENTS--GENERAL INFORMATION
fixed length control field 010813s2002 moua b 001 0 eng
020 ## - INTERNATIONAL STANDARD BOOK NUMBER
International Standard Book Number 0323012876
Qualifying information alk. paper
020 ## - INTERNATIONAL STANDARD BOOK NUMBER
International Standard Book Number 9780323012874
Qualifying information (alk. paper)
050 00 - LIBRARY OF CONGRESS CALL NUMBER
Classification number RT81.5
Item number .N8665 2002
082 00 - DEWEY DECIMAL CLASSIFICATION NUMBER
Classification number 610.73/07/2
Edition information 21
245 00 - TITLE STATEMENT
Title Nursing research :
Remainder of title methods, critical appraisal, and utilization /
Statement of responsibility, etc. [edited by] Geri LoBiondo-Wood, Judith Haber.
250 ## - EDITION STATEMENT
Edition statement 5th ed.
260 ## - PUBLICATION, DISTRIBUTION, ETC.
Place of publication, distribution, etc. St. Louis, Mo. :
Name of publisher, distributor, etc. Mosby,
Date of publication, distribution, etc. c2002.
300 ## - PHYSICAL DESCRIPTION
Extent xx, 520 p. :
Other physical details ill. ;
Dimensions 24 cm.
500 ## - GENERAL NOTE
General note "New! On-line interactive study guide"--Cover.
650 #0 - SUBJECT ADDED ENTRY--TOPICAL TERM
Topical term or geographic name entry element Nursing
General subdivision Research.
650 12 - SUBJECT ADDED ENTRY--TOPICAL TERM
Topical term or geographic name entry element Nursing Research.
700 1# - ADDED ENTRY--PERSONAL NAME
Personal name LoBiondo-Wood, Geri.
700 1# - ADDED ENTRY--PERSONAL NAME
Personal name Haber, Judith.
942 ## - ADDED ENTRY ELEMENTS (KOHA)
Source of classification or shelving scheme Library of Congress Classification
Koha item type Books
Edition 5th ed.
Suppress in OPAC No
999 ## -
-- 7918
-- 7918
Holdings
Withdrawn status Lost status Source of classification or shelving scheme Damaged status Not for loan Collection Home library Current library Shelving location Date acquired Total checkouts Full call number Barcode Date last seen Copy number Price effective from Koha item type
    Library of Congress Classification     Non-fiction Science Library (Miotso) Science Library (Miotso) General stacks 10/30/2025   RT81.5 .N8665 NUR SLM00004954 10/30/2025 1 10/30/2025 Books
© 2023-2024 Copyright: Central University Libraries. All Rights Reserved | Created by: Mahone Tech Office